[Event "BL Meisterschaftsturnier 2020"]
[Site "Karlsruhe"]
[Date "2020.09.19"]
[Round "6.14"]
[White "Bacrot, Etienne"]
[Black "Lemmers, Oscar"]
[Result "1-0"]
[WhiteElo "2673"]
[BlackElo "2348"]
[Annotator "TA"]
[PlyCount "61"]
[EventDate "2020.09.16"]
[EventType "team-tourn"]
[EventCountry "GER"]
[SourceTitle "playchess.com"]
[Source "ChessBase"]
[SourceQuality "1"]
[WhiteTeam "Baden-Baden"]
[BlackTeam "Aachen"]

{[%evp 20,61,61,47,52,47,29,44,47,51,45,30,50,52,47,48,112,112,103,102,216,218,223,225,373,363,357,343,332,294,460,424,617,575,796,348,978,970,953,939,29989,29990,29992,29993]} 1. e4 c5 2. Nf3 e6 3. d4 cxd4 4. Nxd4 a6 5. c4 Nf6 6. Nc3 Qc7 7. Be2 b6 8. O-O Bb7 9. Qd3 d6 10. f4 Nbd7 11. b4 d5 {B41: Sicilian: Kan Variation: 5 c4.} 12. exd5 Bxb4 13. dxe6 Nc5 {White is slightly better.} 14. exf7+ Kxf7 15. Qh3 Bxc3 16. Qxc3 Rhe8 17. Be3 Qe7 ({Better is} 17... Rad8 $14) 18. Nf5 $36 {[%mdl 2048] White is on the roll.} Qe6 {[#]} 19. Bg4 $1 {Nh6+! is the strong threat.} Nce4 (19... Na4 $16 {was necessary.} 20. Qd4 Kf8) 20. Qb2 $18 {[#] Hoping for Nh6+!} Qc6 $146 ({Predecessor:} 20... Nd6 21. Nh6+ gxh6 22. Bxe6+ Rxe6 23. Qxb6 Bxg2 24. Kxg2 Rg8+ 25. Kh1 Nf5 26. Qa7+ Re7 {1-0 (39) Smirnov,A (2529)-Nakauchi,G (2216) Sydney 2018}) 21. Bf3 Qd7 (21... Kg8 $142 22. Bd4 (22. Bxb6 Bc8 $18) 22... Re6) 22. g4 Kg8 23. Rad1 (23. Qxb6 Re6 $18) (23. Bxb6 Nd2 $16) 23... Qf7 24. Bd4 ({Don't play} 24. Bxb6 Bc8 $18) 24... h5 (24... Re6 $142 25. h3 (25. Bxb6 Nxg4 26. Bxg4 Rg6 $16) 25... h6 26. Bxb6 Rc8) 25. Bxf6 hxg4 (25... Qxf6 $142 26. Qxf6 gxf6) 26. Bxe4 Bxe4 27. Nd6 (27. Nxg7 $142 Rf8 28. Rd6) 27... Qh5 $2 (27... Qxf6 28. Qxf6 (28. Qxb6 Bf3 $15) 28... gxf6 29. Nxe8 Rxe8) 28. Nxe4 {[#] And now Rd7 would win.} Rxe4 29. Rd7 gxf6 30. Qxf6 {[%csl Gd7][%cal Rf6g7]} Qc5+ 31. Kh1 {Accuracy: White = 89%, Black = 38%.} 1-0

[Event "BL Meisterschaftsturnier 2020"]
[Site "Karlsruhe"]
[Date "2020.09.19"]
[Round "6.14"]
[White "Lokander, Martin"]
[Black "Reuker, Jari"]
[Result "1-0"]
[WhiteElo "2406"]
[BlackElo "2401"]
[Annotator "NA"]
[PlyCount "123"]
[EventDate "2020.09.16"]
[EventType "team-tourn"]
[EventCountry "GER"]
[SourceTitle "playchess.com"]
[Source "ChessBase"]
[SourceQuality "1"]
[WhiteTeam "Bayern Muenchen"]
[BlackTeam "Werder Bremen"]
[TimeControl "40/5400+30:1800+30"]

1. d4 {[%emt 0:00:00]} d5 {[%emt 0:00:00]} 2. c4 {[%emt 0:00:06]} e6 {[%emt 0:00:00]} 3. Nc3 {[%emt 0:00:05]} c6 {[%emt 0:00:00]} 4. e4 {[%emt 0:02:23]} dxe4 {[%emt 0:00:02]} 5. Nxe4 {[%emt 0:00:05]} Bb4+ {[%emt 0:00:07]} 6. Bd2 {[%emt 0:01:08]} Qxd4 {[%emt 0:00:06]} 7. Bxb4 {[%emt 0:00:05]} Qxe4+ {[%emt 0:00:07]} 8. Ne2 {[%emt 0:00:35]} Na6 {[%emt 0:00:08]} 9. Bf8 {[%emt 0:00:17]} Ne7 {[%emt 0:00:07]} 10. Bxg7 {[%emt 0:00:08]} Nb4 {[%emt 0:01:54]} 11. Qd6 {[%emt 0:00:28]} Nd3+ {[%emt 0:01:56]} 12. Kd2 {[%emt 0:00:07]} Nf5 {[%emt 0:00:10]} 13. Qxd3 {[%emt 0:00:05]} Qxd3+ {[%emt 0:00:05]} 14. Kxd3 {[%emt 0:00:05]} Nxg7 {[%emt 0:00:07]} 15. Kc3 {[%emt 0:00:02]} b6 {[%emt 0:00:41]} 16. g4 {[%emt 0:00:04]} Bb7 {[%emt 0:01:37]} 17. Bg2 {[%emt 0:00:04]} O-O-O {[%emt 0:02:44]} 18. Rad1 {[%emt 0:04:03]} h5 {[%emt 0:10:01]} 19. g5 {[%emt 0:02:10]} c5 {[%emt 0:03:43]} 20. Bxb7+ {[%emt 0:00:16]} Kxb7 {[%emt 0:00:05]} 21. h4 {[%emt 0:00:19]} Nf5 {[%emt 0:06:22]} 22. Ng3 {[%emt 0:02:56]} Nd4 {[%emt 0:01:45]} 23. Kd3 {[%emt 0:00:21]} Kc7 $14 {[%emt 0:12:36]} 24. Ke4 {[%emt 0:03:22]} Rdf8 {[%emt 0:14:16]} 25. f4 {[%emt 0:12:02]} f6 {[%emt 0:06:13]} 26. Rhf1 {[%emt 0:02:35]} Rh7 {[%emt 0:07:15]} 27. Ke3 {[%emt 0:19:03]} f5 {[%emt 0:17:01]} 28. Kf2 {[%emt 0:04:09]} a6 {[%emt 0:01:29]} 29. Rfe1 {[%emt 0:00:13]} Rd8 {[%emt 0:08:02]} 30. Re3 {[%emt 0:03:06]} Rd6 {[%emt 0:01:07]} 31. Red3 {[%emt 0:00:53]} b5 {[%emt 0:02:16]} 32. b4 {[%emt 0:05:26]} bxc4 {[%emt 0:00:38]} 33. bxc5 {[%emt 0:00:24]} cxd3 {[%emt 0:00:11]} 34. cxd6+ {[%emt 0:00:04]} Kxd6 {[%emt 0:00:36]} 35. Rxd3 {[%emt 0:00:04]} Kc5 {[%emt 0:00:05]} 36. Rc3+ {[%emt 0:01:43]} Kd5 {[%emt 0:01:38]} 37. Ra3 {[%emt 0:01:21]} Rb7 {[%emt 0:01:15]} 38. Kg2 {[%emt 0:03:51]} Rb2+ {[%emt 0:01:08]} 39. Kh3 {[%emt 0:00:04]} e5 {[%emt 0:01:11]} 40. g6 {[%emt 0:02:13]} Ne6 {[%emt 0:00:44]} 41. Nxh5 {[%emt 0:35:02]} exf4 {[%emt 0:08:44]} 42. g7 {[%emt 0:00:00]} Nxg7 {[%emt 0:00:11]} 43. Nxg7 {[%emt 0:00:00]} Rb6 {[%emt 0:03:08]} 44. Nxf5 {[%emt 0:00:00]} Ke4 {[%emt 0:00:52]} 45. Kg4 {[%emt 0:00:00]} Rg6+ {[%emt 0:00:05]} 46. Kh5 {[%emt 0:00:00]} Rf6 {[%emt 0:00:46]} 47. Nh6 {[%emt 0:00:00]} f3 {[%emt 0:00:52]} 48. Ng4 {[%emt 0:00:00]} Rf8 {[%emt 0:06:45]} 49. Nf2+ {[%emt 0:00:00]} Kf4 {[%emt 0:00:29]} 50. Nh3+ {[%emt 0:00:00]} Ke5 {[%emt 0:05:08]} 51. Re3+ {[%emt 0:00:00]} Kd4 {[%emt 0:00:31]} 52. Re1 {[%emt 0:00:00]} Kd3 {[%emt 0:02:33]} 53. Nf2+ {[%emt 0:00:00]} Kd2 {[%emt 0:00:53]} 54. Re6 {[%emt 0:00:00]} Rg8 {[%emt 0:01:07]} 55. Rg6 {[%emt 0:00:00]} Rf8 {[%emt 0:03:24]} 56. Kg4 Ke2 {[%emt 0:01:06]} 57. Kg3 {[%emt 0:00:00]} Kf1 {[%emt 0:01:04]} 58. h5 {[%emt 0:00:00]} a5 {[%emt 0:00:27]} 59. h6 {[%emt 0:00:00]} Rh8 {[%emt 0:00:06]} 60. a4 {[%emt 0:00:00]} Rh7 {[%emt 0:00:09]} 61. Ng4 {[%emt 0:00:00]} Rf7 {[%emt 0:01:17]} 62. Rf6 {[%emt 0:00:00]} 1-0

[Event "BL Meisterschaftsturnier 2020"]
[Site "Karlsruhe"]
[Date "2020.09.19"]
[Round "6.15"]
[White "Wachinger, Nikolas"]
[Black "Lindgren, Philip"]
[Result "1-0"]
[WhiteElo "2304"]
[BlackElo "2358"]
[Annotator "NA"]
[PlyCount "59"]
[EventDate "2020.09.16"]
[EventType "team-tourn"]
[EventCountry "GER"]
[SourceTitle "playchess.com"]
[Source "ChessBase"]
[SourceQuality "1"]
[WhiteTeam "Werder Bremen"]
[BlackTeam "Bayern Muenchen"]
[TimeControl "40/5400+30:1800+30"]

1. e4 {[%emt 0:00:00]} c6 {[%emt 0:00:01]} 2. Nf3 {[%emt 0:00:00]} d5 {[%emt 0:00:10]} 3. Nc3 {[%emt 0:00:00]} Bg4 {[%emt 0:00:42]} 4. h3 {[%emt 0:00:07]} Bxf3 {[%emt 0:00:28]} 5. Qxf3 {[%emt 0:00:04]} e6 {[%emt 0:00:26]} 6. Be2 {[%emt 0:00:57]} Nf6 {[%emt 0:03:44]} 7. O-O {[%emt 0:00:17]} Nbd7 {[%emt 0:04:39]} 8. d4 {[%emt 0:00:21]} dxe4 {[%emt 0:02:15]} 9. Nxe4 {[%emt 0:00:04]} Nxe4 {[%emt 0:00:44]} 10. Qxe4 {[%emt 0:00:04]} Be7 {[%emt 0:00:20]} 11. c3 {[%emt 0:03:04]} O-O $14 {[%emt 0:00:51]} 12. Bd3 {[%emt 0:01:39]} g6 {[%emt 0:01:03]} 13. Bf4 {[%emt 0:03:58]} Re8 {[%emt 0:02:48]} 14. Qf3 {[%emt 0:59:01]} Bf6 {[%emt 0:19:04]} 15. Rad1 {[%emt 0:01:05]} Qb6 {[%emt 0:03:59]} 16. Bc1 {[%emt 0:00:36]} Qa5 {[%emt 0:08:20]} 17. Bc4 {[%emt 0:01:13]} Bg5 {[%emt 0:04:57]} 18. Be3 {[%emt 0:06:38]} Bxe3 {[%emt 0:05:41]} 19. fxe3 {[%emt 0:01:50]} Re7 {[%emt 0:03:01]} 20. Qg3 {[%emt 0:01:01]} Rf8 {[%emt 0:07:05]} 21. Rf2 {[%emt 0:02:34]} e5 {[%emt 0:06:09]} 22. Qg5 {[%emt 0:02:13]} Qd8 {[%emt 0:09:26]} 23. Rdf1 {[%emt 0:03:31]} Qe8 {[%emt 0:02:05]} 24. h4 {[%emt 0:01:19]} exd4 {[%emt 0:05:32]} 25. exd4 {[%emt 0:00:34]} Kg7 {[%emt 0:02:56]} 26. h5 {[%emt 0:00:49]} h6 {[%emt 0:02:13]} 27. Rxf7+ {[%emt 0:06:36]} Rfxf7 {[%emt 0:00:17]} 28. Qxg6+ {[%emt 0:00:07]} Kf8 {[%emt 0:00:08]} 29. Qxh6+ {[%emt 0:00:06]} Kg8 {[%emt 0:00:05]} 30. Rf3 {[%emt 0:00:37]} 1-0

[Event "BL Meisterschaftsturnier 2020"]
[Site "Karlsruhe"]
[Date "2020.09.19"]
[Round "6.15"]
[White "Meessen, Rudolf"]
[Black "Kasimdzhanov, Rustam"]
[Result "0-1"]
[WhiteElo "2234"]
[BlackElo "2661"]
[Annotator "TA"]
[PlyCount "66"]
[EventDate "2020.09.16"]
[EventType "team-tourn"]
[EventCountry "GER"]
[SourceTitle "playchess.com"]
[Source "ChessBase"]
[SourceQuality "1"]
[WhiteTeam "Aachen"]
[BlackTeam "Baden-Baden"]

{[%evp 15,66,0,40,0,45,38,68,47,34,16,41,0,0,0,-4,-35,-33,-40,-35,-88,-67,-175,-157,-141,-132,-131,-120,-165,-166,-196,-184,-219,-193,-175,-169,-164,-172,-348,-345,-701,-395,-384,-372,-362,-367,-361,-361,-371,-362,-375,-348,-348,-341]} 1. d4 Nf6 2. c4 g6 3. Nc3 d5 4. cxd5 Nxd5 5. Bd2 Bg7 6. e4 Nb6 7. Be3 O-O 8. f4 c6 {[#]} 9. g4 $146 {D70: Grünfeld: Unusual White 3rd moves (met by ...d5).} ({Predecessor:} 9. Nf3 Be6 10. Qc2 N8d7 11. Be2 Bc4 12. g4 e6 13. h4 Qe7 14. h5 c5 15. e5 Rfc8 16. hxg6 hxg6 17. dxc5 Nxc5 {1-0 (28) Kortschnoj,V (2673)-Spassky,B (2549) St Petersburg 1999}) 9... e5 (9... c5 $5 {[%cal Rc5d4]} 10. d5 (10. dxc5 Bxc3+ 11. bxc3 Qxd1+ 12. Rxd1 Na4 $11) 10... e6 $11) 10. dxe5 Qh4+ 11. Bf2 {White is slightly better.} Qxg4 12. Qd2 Bh6 13. Nce2 Qd7 $1 14. Qc3 Na6 {[%cal Bb8a6,Ba6b4,Bb4d5][%mdl 32]} 15. Bh3 Qe7 16. Bxc8 Raxc8 17. Nf3 (17. a3 $15) 17... Na4 $17 18. Qb3 {[#]} ({Better is} 18. Qd4 $15 Qb4+ 19. Qxb4 Nxb4 20. O-O) 18... N4c5 $1 $36 {[%cal Rc5b3][%mdl 2048] Black is in control.} 19. Qa3 {[#]} Nb4 $1 {[%mdl 512]} 20. O-O (20. Qxb4 Nd3+) 20... Nxe4 21. Bh4 Qc5+ 22. Kh1 Nd5 23. Qa4 f5 24. Nfd4 Rce8 25. Rf3 Nd2 26. Nb3 $2 (26. Rc1 {might work better.} Qb6 27. Rd3 Nxf4 28. Rxd2) 26... Qc2 27. Rh3 $2 (27. Ned4 Qxb2 28. Rf2 Bxf4 29. Nf3) 27... Nxb3 28. Re1 {[#]} Na1 $1 29. Qd4 (29. Rxa1 Qxa4) 29... Qe4+ 30. Qxe4 fxe4 31. Rxa1 Nxf4 32. Re3 Nxe2 33. Rxe2 Rxe5 {Accuracy: White = 42%, Black = 79%.} 0-1

[Event "BL Meisterschaftsturnier 2020"]
[Site "Karlsruhe"]
[Date "2020.09.19"]
[Round "6.16"]
[White "Movsesian, Sergei"]
[Black "Lamby, Philipp"]
[Result "1-0"]
[WhiteElo "2649"]
[BlackElo "2130"]
[Annotator "TA"]
[PlyCount "53"]
[EventDate "2020.09.16"]
[EventType "team-tourn"]
[EventCountry "GER"]
[SourceTitle "playchess.com"]
[Source "ChessBase"]
[SourceQuality "1"]
[WhiteTeam "Baden-Baden"]
[BlackTeam "Aachen"]

{[%evp 9,53,9,10,5,27,0,0,0,13,0,0,0,0,-9,0,0,0,0,0,-2,17,8,64,63,61,59,66,60,82,76,77,89,287,287,271,269,266,287,262,266,249,266,628,633,1206,1188]} 1. e4 e5 2. Nf3 Nc6 3. Bb5 a6 4. Ba4 Nf6 5. Nc3 Bd6 6. d3 {C77: Ruy Lopez: 3...a6 4 Ba4 Nf6, unusual lines.} h6 7. h3 b5 8. Bb3 {The position is equal.} Na5 {[#]} 9. d4 $146 ({Predecessor:} 9. Be3 Nxb3 10. axb3 Bb7 11. Qd2 Qe7 12. Ne2 Bc5 13. Bxc5 Qxc5 14. Qc3 Qxc3+ 15. bxc3 d6 16. O-O {½-½ (16) Lemmers,O (2328)-Cordts,I (2255) Belgium 2018}) 9... exd4 $1 10. Qxd4 {Threatens to win with e5.} O-O 11. O-O {aiming for e5.} Re8 12. Bd5 Nxd5 13. exd5 Nc4 14. Ne4 Be7 15. b3 Nd6 (15... c5 $11 16. dxc6 (16. Nxc5 Bf6 $17 {[%mdl 64] Skewer}) 16... d5) 16. Bb2 $40 {[%csl Gb2][%cal Rd4g7][%mdl 128] White mounts an attack.} Nf5 $1 {[%cal Rf5d4]} 17. Qd3 d6 18. Rfe1 Bf8 19. Re2 Bd7 {[#]} 20. Rae1 $1 {[%cal Ba1e1,Be1e3,Be3g3][%mdl 32]} b4 $2 {[#] This move loses the game for Black.} (20... Ne7 $16 {is a better defense.}) 21. Nf6+ $1 $18 {[%mdl 512]} gxf6 22. Rxe8 {[%mdl 64] Overworked Piece} Bxe8 23. Qxf5 {Threatening mate with Rxe8.} Bg7 24. Re3 Bd7 25. Qf4 Rb8 $2 (25... f5) 26. Nd2 {Strongly threatening Ne4.} Kf8 {and the idea ...f5 leaves Black hopeful.} 27. Rg3 {Accuracy: White = 100%, Black = 62%.} 1-0

[Event "BL Meisterschaftsturnier 2020"]
[Site "Karlsruhe"]
[Date "2020.09.19"]
[Round "6.16"]
[White "Rafiee, Makan"]
[Black "Colbow, Collin"]
[Result "1/2-1/2"]
[WhiteElo "2334"]
[BlackElo "2210"]
[Annotator "NA"]
[PlyCount "78"]
[EventDate "2020.09.16"]
[EventType "team-tourn"]
[EventCountry "GER"]
[SourceTitle "playchess.com"]
[Source "ChessBase"]
[SourceQuality "1"]
[WhiteTeam "Bayern Muenchen"]
[BlackTeam "Werder Bremen"]
[TimeControl "40/5400+30:1800+30"]

1. e4 {[%emt 0:00:00]} c5 {[%emt 0:00:00]} 2. Nf3 {[%emt 0:00:00]} d6 {[%emt 0:00:00]} 3. d4 {[%emt 0:00:00]} cxd4 {[%emt 0:00:00]} 4. Nxd4 {[%emt 0:00:00]} Nf6 {[%emt 0:00:00]} 5. Nc3 {[%emt 0:00:00]} Nc6 {[%emt 0:00:00]} 6. Bg5 {[%emt 0:00:14]} e6 {[%emt 0:00:29]} 7. Qd2 {[%emt 0:00:07]} a6 {[%emt 0:00:12]} 8. O-O-O {[%emt 0:00:18]} Be7 {[%emt 0:01:48]} 9. h4 {[%emt 0:01:41]} Nxd4 {[%emt 0:04:01]} 10. Qxd4 {[%emt 0:00:06]} b5 {[%emt 0:02:45]} 11. Be2 {[%emt 0:05:25]} Qc7 {[%emt 0:07:06]} 12. f4 {[%emt 0:13:04]} Bb7 {[%emt 0:13:42]} 13. Bf3 {[%emt 0:04:49]} Rd8 {[%emt 0:11:54]} 14. h5 {[%emt 0:03:49]} h6 {[%emt 0:03:14]} 15. Bh4 {[%emt 0:00:17]} e5 {[%emt 0:03:43]} 16. Qe3 {[%emt 0:02:19]} exf4 {[%emt 0:03:14]} 17. Qxf4 {[%emt 0:01:24]} O-O {[%emt 0:02:14]} 18. Nd5 {[%emt 0:17:47]} Nxd5 {[%emt 0:07:43]} 19. exd5 {[%emt 0:00:21]} Rde8 {[%emt 0:01:12]} 20. Rhe1 {[%emt 0:08:06]} Qd8 {[%emt 0:05:53]} 21. Bxe7 {[%emt 0:02:37]} Rxe7 {[%emt 0:00:07]} 22. c3 {[%emt 0:14:48]} Rfe8 {[%emt 0:01:10]} 23. Rxe7 {[%emt 0:00:12]} Rxe7 {[%emt 0:04:18]} 24. Kc2 {[%emt 0:00:37]} Re5 {[%emt 0:01:00]} 25. Kb3 {[%emt 0:08:51]} Qc7 {[%emt 0:08:06]} 26. a4 {[%emt 0:02:50]} f5 {[%emt 0:13:16]} 27. axb5 {[%emt 0:00:34]} axb5 {[%emt 0:01:54]} 28. Qd4 {[%emt 0:00:21]} Qa5 {[%emt 0:01:10]} 29. g4 {[%emt 0:10:22]} Kf8 {[%emt 0:01:05]} 30. Qf4 {[%emt 0:01:04]} Kg8 {[%emt 0:01:11]} 31. Kc2 {[%emt 0:00:20]} Bc8 {[%emt 0:01:11]} 32. g5 {[%emt 0:00:32]} hxg5 {[%emt 0:00:43]} 33. Qxg5 {[%emt 0:00:01]} f4 {[%emt 0:01:07]} 34. Qxf4 {[%emt 0:00:27]} Bf5+ {[%emt 0:00:04]} 35. Kd2 {[%emt 0:00:14]} Qa2 {[%emt 0:00:39]} 36. Qb4 {[%emt 0:00:18]} Qa7 {[%emt 0:00:10]} 37. Qd4 {[%emt 0:00:48]} Qa2 {[%emt 0:01:14]} 38. Qb4 {[%emt 0:00:07]} Qa7 {[%emt 0:00:17]} 39. Qd4 {[%emt 0:00:04]} Qa2 {[%emt 0:00:47]} 1/2-1/2

[Event "BL Meisterschaftsturnier 2020"]
[Site "Karlsruhe"]
[Date "2020.09.20"]
[Round "7.1"]
[White "Caruana, Fabiano"]
[Black "Mamedyarov, Shakhriyar"]
[Result "1/2-1/2"]
[WhiteElo "2835"]
[BlackElo "2764"]
[Annotator "TA"]
[PlyCount "40"]
[EventDate "2020.09.16"]
[EventType "team-tourn"]
[EventCountry "GER"]
[SourceTitle "playchess.com"]
[Source "ChessBase"]
[SourceQuality "1"]
[WhiteTeam "Baden-Baden"]
[BlackTeam "Viernheim"]

{[%evp 11,40,6,23,12,13,0,0,0,0,8,0,8,6,0,0,0,0,0,0,-6,14,12,13,9,10,9,11,9,18,4,8]} 1. e4 c5 2. Nf3 e6 3. d4 cxd4 4. Nxd4 Nf6 5. Nc3 Nc6 6. a3 Qc7 7. Be2 {B45: Sicilian Four Knights.} a6 {The position is equal.} 8. f4 Nxd4 9. Qxd4 Bc5 10. Qd3 d5 {[#]} 11. exd5 $146 ({Predecessor:} 11. e5 Nd7 12. Qg3 O-O 13. Bd3 f5 14. Ne2 b5 15. Be3 Qa5+ 16. c3 Qc7 17. Bd4 {1-0 (54) Vallejo Pons,F (2716)-Bokros,A (2492) Novi Sad 2016}) 11... exd5 {[#] aiming for ...0-0.} 12. Be3 Bf5 $1 {[%cal Rf5d3]} 13. Qxf5 {Black must now prevent Bxc5.} Bxe3 14. Qe5+ Qe7 15. Bf3 Bxf4 (15... Rc8 {is more complex.} 16. Rd1 Bxf4 17. Qxe7+ Kxe7 18. Bxd5 Rhe8) 16. Qxe7+ Kxe7 17. Nxd5+ Nxd5 18. Bxd5 {next 0-0 is good for White.} Be5 19. O-O-O f6 20. Rd3 Rad8 {An uneventful encounter. Accuracy: White = 100%, Black = 100%.} 1/2-1/2

[Event "BL Meisterschaftsturnier 2020"]
[Site "Karlsruhe"]
[Date "2020.09.20"]
[Round "7.1"]
[White "Gumularz, Szymon"]
[Black "Fressinet, Laurent"]
[Result "0-1"]
[WhiteElo "2518"]
[BlackElo "2635"]
[Annotator "TA"]
[PlyCount "90"]
[EventDate "2020.09.16"]
[EventType "team-tourn"]
[EventCountry "GER"]
[SourceTitle "playchess.com"]
[Source "ChessBase"]
[SourceQuality "1"]
[WhiteTeam "SF Berlin"]
[BlackTeam "Werder Bremen"]

{[%evp 12,90,7,7,9,7,10,9,8,0,0,0,0,3,0,0,20,4,5,23,34,39,28,0,0,0,0,0,10,0,0,-36,-27,-27,0,0,0,0,0,0,0,-85,-69,-70,-60,-155,-151,-178,-179,-218,-217,-220,-166,-166,-158,-156,-118,-118,-118,-275,-145,-988,-958,-962,-958,-1451,-1350,-1308,-1220,-1252,-1353,-1334,-1290,-1564,-1510,-1933,-1833,-3166,-3033,-2739,-2501]} 1. d4 Nf6 2. c4 e6 3. Nc3 Bb4 4. e3 d5 5. Nf3 O-O 6. Bd3 b6 7. O-O Ba6 {E52: Nimzo-Indian: Rubinstein: 4...0-0 5 Nf3 d5 6 Bd3 b6.} 8. cxd5 exd5 9. Bxa6 Nxa6 {The position is equal.} 10. Bd2 {outshines the older 10.Qa4.} Re8 11. Rc1 Bf8 12. Ne5 c5 13. Be1 Nc7 14. f4 Ne4 15. Qh5 g6 16. Qh3 f6 17. Bh4 Nxc3 18. bxc3 {With the idea f5.} Bg7 $1 19. Ng4 h5 {[#]} 20. Ne5 $146 {[%mdl 512]} ({Predecessor:} 20. Nf2 Qe7 21. f5 g5 22. Bg3 h4 23. Bxc7 Qxc7 24. Qf3 Rad8 25. Rfe1 Qf7 26. a4 {½-½ (36) Pacan Milej,K (2348)-Janik,I (2471) Ustron 2020}) 20... Qc8 $36 {[%mdl 2048] Black has some pressure.} (20... fxe5 21. Bxd8) 21. Qxc8 Raxc8 22. Nxg6 Nb5 (22... Kf7 $5 {[%cal Rf7g6]} 23. f5 Bh6 $11) 23. Bf2 Kf7 {Threatens to win with ...cxd4.} 24. Nh4 $1 cxd4 25. cxd4 Bf8 26. g3 (26. Nf5 $11 {remains equal.}) 26... Nc3 {[%mdl 1024] ...Ne2+ is the strong threat. Black has strong compensation.} 27. Rc2 Rc4 28. Kg2 {[#]} ({White should try} 28. Rb2 $15) 28... Rec8 $1 $17 29. Re1 b5 {[%cal Bb6b5,Bb5b4][%mdl 32]} 30. Nf3 Ne4 31. Rb2 b4 32. Ree2 a5 {[%cal Ba7a5,Ba5a4,Ba4a3][%mdl 32]} 33. Nd2 Nxd2 34. Rexd2 a4 {Hoping for ...a3.} 35. Kf3 $2 (35. Re2 $17) 35... Rc1 (35... a3 $19 36. Rb1 Rc1) 36. Ke2 $2 {[%mdl 8192] White does not recover from this.} (36. Re2 $17) 36... a3 $19 {Black is clearly winning.} 37. Rb3 R8c3 38. Rxc3 bxc3 {[%mdl 4096] Endgame KRB-KRB} 39. Rd1 Rc2+ {[%mdl 64] Double Attack} 40. Kf3 Rxa2 41. Be1 Rc2 42. Ra1 f5 43. Rb1 a2 44. Rb7+ Ke8 45. Ra7 Bb4 {Accuracy: White = 57%, Black = 86%.} 0-1

[Event "BL Meisterschaftsturnier 2020"]
[Site "Karlsruhe"]
[Date "2020.09.20"]
[Round "7.2"]
[White "McShane, Luke J"]
[Black "Baldauf, Marco"]
[Result "1/2-1/2"]
[WhiteElo "2680"]
[BlackElo "2503"]
[Annotator "TA"]
[PlyCount "61"]
[EventDate "2020.09.16"]
[EventType "team-tourn"]
[EventCountry "GER"]
[SourceTitle "playchess.com"]
[Source "ChessBase"]
[SourceQuality "1"]
[WhiteTeam "Werder Bremen"]
[BlackTeam "SF Berlin"]

{[%evp 10,61,39,26,31,29,35,7,11,8,4,-4,-11,-50,-51,-83,-26,-48,-22,-7,0,-23,0,-2,0,-1,-6,0,0,0,0,-31,-35,-41,-41,-59,-62,-57,-61,-62,-6,-68,-68,-68,-68,-68,-43,-68,-56,-68,-68,-68,-68,-68]} 1. e4 c6 2. Nf3 d5 3. Nc3 dxe4 4. Nxe4 Nf6 5. Qe2 Nxe4 6. Qxe4 Nd7 {B11: Caro-Kann: Two Knights Variation.} 7. Bc4 Nf6 8. Qe2 Bf5 {The position is equal.} 9. Ne5 {[%csl Ge5][%cal Rc4f7] [#]} e6 10. g4 (10. c3 {with more complications.} Bd6 11. d4 Qc7 12. g4 Bg6 13. O-O) 10... Bg6 {[#]} 11. f4 $146 ({Predecessor:} 11. d3 Bd6 12. Bd2 Bxe5 13. Qxe5 Nxg4 14. Qxg7 Qf6 15. Qxf6 Nxf6 16. h4 Rg8 17. Rg1 {1-0 (53) Kulaots,K (2565)-Umudova,N (2301) Lund 2019}) 11... Nd7 12. Nf3 {Hoping for f5.} Be7 (12... Bxc2 $17 13. d4 Bb4+ 14. Kf2 Ba4) 13. d4 h5 14. g5 Bf5 15. Nh4 Nb6 16. Bb3 g6 $36 {[%mdl 2048] Black has good play.} 17. Nxf5 exf5 18. Bd2 O-O 19. O-O-O Re8 20. Qf2 a5 {[%cal Ba7a5,Ba5a4][%mdl 32] [#] ...a4 is the strong threat.} 21. a3 Bf8 (21... a4 $5 22. Ba2 $8 Bd6 $11) 22. Rhe1 Rxe1 23. Qxe1 a4 24. Ba2 Nd5 (24... Qd7 $1 $15) 25. Qe2 (25. c4 $1 $11 Nc7 26. Qf2) 25... Qd7 $15 {Black is slightly better.} 26. Re1 Bg7 27. c3 b5 28. Kb1 Qd6 29. Qf1 Rb8 30. Bc1 Rd8 31. Re2 {Accuracy: White = 80%, Black = 87%.} 1/2-1/2

[Event "BL Meisterschaftsturnier 2020"]
[Site "Karlsruhe"]
[Date "2020.09.20"]
[Round "7.2"]
[White "Malakhov, Vladimir"]
[Black "Vachier-Lagrave, Maxime"]
[Result "1/2-1/2"]
[WhiteElo "2669"]
[BlackElo "2778"]
[Annotator "TA"]
[PlyCount "51"]
[EventDate "2020.09.16"]
[EventType "team-tourn"]
[EventCountry "GER"]
[SourceTitle "playchess.com"]
[Source "ChessBase"]
[SourceQuality "1"]
[WhiteTeam "Viernheim"]
[BlackTeam "Baden-Baden"]

{[%evp 12,51,15,7,31,18,21,0,22,0,5,0,9,0,0,0,0,0,10,-20,18,8,22,9,21,29,28,0,0,0,0,0,0,5,12,16,18,5,15,15,29,23]} 1. e4 c5 2. Nf3 d6 3. Bb5+ Nd7 4. d4 cxd4 5. Qxd4 a6 6. Bxd7+ Bxd7 7. Nc3 Rc8 {B51: Sicilian: Moscow Variation (3 Bb5+) without 3...Bd7.} 8. O-O e5 9. Qd3 {9.Qb4 is not played anymore.} Qc7 {The position is equal.} 10. a4 Be6 {Threatening ...Bc4.} 11. Rd1 Nf6 12. Bg5 {[#]} Nd7 $146 ({Predecessor:} 12... Nh5 13. Rac1 h6 14. Be3 Nf6 15. Nd2 Be7 16. Nd5 Bxd5 17. exd5 Ng4 18. c4 Nxe3 19. fxe3 {½-½ (42) Khachiyan,M (2493)-Perez Ponsa,F (2560) Saint Louis 2019}) 13. Nd2 h6 14. Be3 Be7 15. Nf1 Nf6 16. Bc1 Qc4 17. Ne3 Qxd3 18. Rxd3 Nd7 19. Nf5 Bxf5 $1 20. exf5 Nf6 21. Be3 Rc4 22. Rc1 Kd7 23. b3 Rc6 {[#] Strongly threatening ...e4.} 24. Nd5 Nxd5 25. Rxd5 Rc3 {next ...Rhc8 is good for Black.} 26. Bd2 {A rather calm draw. Accuracy: White = 93%, Black = 94%.} 1/2-1/2